Normal view
MARC view
- Lamb, Harold
Entry Personal Name
001 - CONTROL NUMBER
- control field: 108531
003 - CONTROL NUMBER IDENTIFIER
- control field: NUST
005 - DATE AND TIME OF LATEST TRANSACTION
- control field: 20230202135802.0
008 - FIXED-LENGTH DATA ELEMENTS
- fixed length control field: 230202|| aca||aabn | a|a d
040 ## - CATALOGING SOURCE
- Original cataloging agency: NUST
- Transcribing agency: NUST
100 ## - HEADING--PERSONAL NAME
- Personal name: Lamb, Harold
670 ## - SOURCE DATA FOUND
- Source citation: Work cat.: (NUST)187310: Lamb, Harold,, Genghis Khan, , 1978
